000 00735nam a2200229Ia 4500
003 GCL
008 140319s9999 xx 000 0 ara d
040 _aGCL /
_cGCL
082 0 4 _aد
_b050
100 1 _aحسين فهيم
245 1 0 _aقصة الانثروبولوجيا: فصول فى تاريخ علم الانسان (عالم المعرفة 98) /
_cحسين فهيم
300 _a312 ص
490 _aعالم المعرفة
_v0
650 0 4 _aالانسان
650 0 4 _aالسلالات البشرية
650 0 4 _aجسم الانسان
650 0 4 _aالفسيولوجيا
650 0 4 _aالانثربولوجيا
650 0 4 _aالانثروبولوجيا
650 0 4 _aالاجناس - علم
942 _2ddc
_cBK
999 _c50332
_d50332